[Event "Xtracon Chess Open 2018"]
[Site "Elsinore"]
[Date "2018.07.27"]
[Round "8"]
[White "Bekker-Jensen, David"]
[Black "Hoi, Carsten"]
[Result "1/2-1/2"]
[WhiteElo "2200"]
[BlackElo "2389"]
[EventDate "2018.07.21"]
[WhiteFideId "1403095"]
[BlackFideId "1400100"]

1.d4 Nf6 2.c4 g6 3.g3 Bg7 4.Bg2 O-O 5.Nf3 d6 6.O-O Nc6 7.Nc3 a6 8.Bf4 Bg4 
9.h3 Bxf3 10.Bxf3 Nd7 11.Be3 e5 12.d5 Ne7 13.Bd2 f5 14.e4 Kh8 15.h4 Ng8 
16.h5 Bh6 17.hxg6 hxg6 18.Kg2 Bxd2 19.Qxd2 f4 20.Rh1+ Kg7 21.Rh2 Qg5 22.
Rah1 Ngf6 23.Kf1 Rh8 24.Rxh8 Rxh8 25.Rxh8 Kxh8 26.Ne2 Nh5 27.Qa5 fxg3 
1/2-1/2

[Event "Xtracon Chess Open 2018"]
[Site "Elsinore"]
[Date "2018.07.27"]
[Round "8"]
[White "Hagen, Andreas Skytte"]
[Black "Salles, Louis"]
[Result "1-0"]
[WhiteElo "2383"]
[BlackElo "2227"]
[EventDate "2018.07.21"]
[WhiteFideId "1407341"]
[BlackFideId "20641826"]

1.e4 c5 2.Nf3 d6 3.d4 cxd4 4.Nxd4 Nf6 5.Nc3 a6 6.Be3 e6 7.f3 b5 8.Qd2 Nbd7
9.g4 h6 10.O-O-O b4 11.Nce2 Qc7 12.h4 d5 13.Bf4 e5 14.Bh2 dxe4 15.g5 hxg5 
16.hxg5 Rxh2 17.Rxh2 exd4 18.Rh4 b3 19.axb3 Nc5 20.Nxd4 Nd5 21.fxe4 Nb6 
22.g6 f6 23.b4 Ne6 24.Rh8 Nxd4 25.Qxd4 Bg4 26.Qd6 Qxd6 27.Rxd6 Nc8 28.Rxf6
1-0

[Event "Xtracon Chess Open 2018"]
[Site "Elsinore"]
[Date "2018.07.27"]
[Round "8"]
[White "Urkedal, Frode Olav Olsen"]
[Black "Bach, Matthias"]
[Result "0-1"]
[WhiteElo "2552"]
[BlackElo "2267"]
[EventDate "2018.07.21"]
[WhiteFideId "1506102"]
[BlackFideId "4603168"]

1.d4 Nf6 2.c4 c5 3.d5 e6 4.Nc3 exd5 5.cxd5 d6 6.Nf3 g6 7.Bf4 Bg7 8.Qa4+ 
Bd7 9.Qb3 b5 10.Bxd6 Qb6 11.Be5 O-O 12.e3 c4 13.Qd1 b4 14.Ne2 Bb5 15.Nf4 
Nbd7 16.Bd4 Qb7 17.Be2 Rfe8 18.O-O Bh6 19.g3 Nxd5 20.Nxd5 Qxd5 21.Nd2 Rad8
22.a4 bxa3 23.Rxa3 a6 24.Rc3 Ne5 25.Nf3 Nxf3+ 26.Bxf3 Qf5 27.Be2 Bc6 28.
Re1 Qd5 29.f3 Qh5 30.Bxc4 Bxf3 31.Qb3 Rxd4 32.Bxf7+ Kh8 33.Bxe8 Rd2 34.h4 
Qe5 0-1

[Event "Xtracon Chess Open 2018"]
[Site "Elsinore"]
[Date "2018.07.27"]
[Round "8"]
[White "Grigorov, Grigor"]
[Black "Crevatin, Leo"]
[Result "1-0"]
[WhiteElo "2506"]
[BlackElo "2224"]
[EventDate "2018.07.21"]
[WhiteFideId "2907313"]
[BlackFideId "1726307"]

1.d4 d5 2.c4 c6 3.Nf3 e6 4.e3 Nf6 5.b3 Nbd7 6.Bb2 Bd6 7.Bd3 b6 8.O-O Qc7 
9.Nc3 Bb7 10.Rc1 a6 11.e4 dxe4 12.Nxe4 Nxe4 13.Bxe4 Nf6 14.Bb1 O-O-O 15.
Qe2 c5 16.dxc5 bxc5 17.Bxf6 gxf6 18.Be4 Bxe4 19.Qxe4 Qb7 20.Qe2 f5 21.Rcd1
Rhg8 22.Rd3 Qe4 23.Re3 Qg4 24.g3 Bf4 25.Rd3 Rxd3 26.Qxd3 Rd8 27.Qc3 Bc7 
28.Re1 f4 29.Kg2 Qf5 30.Qb2 Rd3 31.Qe2 Rc3 32.Rd1 Rc2 33.Rd2 Rxd2 34.Qxd2 
Qe4 35.Qd1 fxg3 36.hxg3 f5 37.Kf1 f4 38.g4 Qg6 39.Ne1 e5 40.f3 e4 41.fxe4 
Qxe4 42.Qf3 Qe6 43.Nd3 Qd6 44.Qe4 h6 45.Ke2 Kb8 46.Kf3 Ka7 47.Qd5 Qxd5+ 
48.cxd5 Kb6 49.Nxf4 Kb5 50.Nd3 c4 51.a4+ Ka5 52.bxc4 Kxa4 53.Ke4 Bd6 54.c5
Bf8 55.d6 Kb5 56.Kd5 a5 57.c6 Kb6 58.Nc5 1-0

[Event "Xtracon Chess Open 2018"]
[Site "Elsinore"]
[Date "2018.07.27"]
[Round "8"]
[White "Bjerre, Jonas Buhl"]
[Black "Heimisson, Hilmir Freyr"]
[Result "1/2-1/2"]
[WhiteElo "2436"]
[BlackElo "2241"]
[EventDate "2018.07.21"]
[WhiteFideId "1444948"]
[BlackFideId "2309998"]

1.e4 c5 2.Nf3 d6 3.d4 cxd4 4.Nxd4 Nf6 5.Nc3 a6 6.Bg5 e6 7.f4 h6 8.Bh4 Qb6 
9.a3 Be7 10.Bf2 Qc7 11.Qf3 b5 12.g4 Nbd7 13.O-O-O g5 14.h4 gxf4 15.Be2 Ne5
16.Qxf4 Nexg4 17.Bxg4 e5 18.Nd5 Nxd5 19.Qf3 Bxg4 20.Qxg4 Nf6 21.Qf3 Rc8 
22.c3 exd4 23.Bxd4 Rg8 24.Bxf6 Bxf6 25.Qxf6 Rg6 26.Qf4 Qe7 27.Rd5 Rc4 28.
Re1 Re6 29.Rd4 Qf6 30.Qxf6 Rxf6 31.e5 dxe5 32.Rxe5+ Re6 33.Rxe6+ fxe6 34.
Kd2 Ke7 35.Kd3 Rc5 36.c4 bxc4+ 37.Rxc4 Rd5+ 38.Rd4 Rf5 39.Ke4 Rh5 40.Ke3 
Re5+ 41.Re4 Rc5 42.Rd4 1/2-1/2

[Event "Xtracon Chess Open 2018"]
[Site "Elsinore"]
[Date "2018.07.27"]
[Round "8"]
[White "Schwarz, Frank"]
[Black "Ni, Shiqun"]
[Result "0-1"]
[WhiteElo "2234"]
[BlackElo "2435"]
[EventDate "2018.07.21"]
[WhiteFideId "4658035"]
[BlackFideId "8608466"]

1.d4 Nf6 2.Nf3 g6 3.Bf4 Bg7 4.e3 O-O 5.Be2 d6 6.h3 b6 7.O-O Bb7 8.c4 Nbd7 
9.Nc3 Ne4 10.Nxe4 Bxe4 11.Nd2 Bb7 12.Bf3 Bxf3 13.Nxf3 c5 14.Bg3 Qc8 15.Qe2
Qa6 16.Rfd1 Rfc8 17.b3 Nf6 18.Qd3 Qb7 19.Nd2 a6 20.Rac1 b5 21.d5 Nd7 22.f4
a5 23.Nf3 a4 24.e4 axb3 25.axb3 Ra3 26.Qb1 bxc4 27.bxc4 Bb2 28.Rc2 Rb8 29.
Kh2 Ra1 30.Qxa1 Bxa1 31.Rxa1 Qb3 32.Rcc1 Nf6 33.e5 Nh5 34.Ra7 Qd3 35.Ra2 
Rb4 36.Bh4 Qe3 37.Re1 Qxf4+ 38.Kg1 Rb7 39.Bg5 Qxc4 40.Ra8+ Kg7 41.exd6 
exd6 42.Be7 Rxe7 43.Rxe7 Qxd5 44.Raa7 Nf4 45.Kh2 c4 46.Red7 Nd3 47.Kh1 Nc5
48.Re7 Kf6 49.Re1 h6 50.Rf1 Kg7 51.Kh2 Ne4 52.Raa1 Ng5 53.Ng1 Qe5+ 54.g3 
Qb2+ 0-1

[Event "Xtracon Chess Open 2018"]
[Site "Elsinore"]
[Date "2018.07.27"]
[Round "8"]
[White "Vestby-Ellingsen, Mads"]
[Black "Laustsen, Lars"]
[Result "1-0"]
[WhiteElo "2429"]
[BlackElo "2219"]
[EventDate "2018.07.21"]
[WhiteFideId "1520857"]
[BlackFideId "1407554"]

1.e4 c5 2.Nf3 d6 3.d4 cxd4 4.Nxd4 Nf6 5.Nc3 a6 6.Bg5 e6 7.f4 Nbd7 8.Qe2 
Qc7 9.O-O-O b5 10.a3 Bb7 11.g4 Be7 12.Bg2 Qc4 13.Qd2 b4 14.axb4 Qxb4 15.
Nb3 O-O 16.Bxf6 Nxf6 17.g5 Nd7 18.h4 a5 19.f5 a4 20.Qd4 Qxd4 21.Nxd4 Nc5 
22.fxe6 fxe6 23.Bh3 Nxe4 24.Bxe6+ Kh8 25.Nxe4 Bxe4 26.Rhe1 d5 27.Nc6 Bd6 
28.Rxe4 dxe4 29.Rxd6 a3 30.bxa3 Rxa3 31.Bb3 Ra1+ 32.Kd2 Rh1 33.Ne5 Rxh4 
34.g6 Rb8 35.Nf7+ Kg8 36.Ng5+ Kh8 37.Nf7+ Kg8 38.Ng5+ Kh8 39.Nxh7 Rxh7 40.
gxh7 Kxh7 41.Ke3 1-0

[Event "Xtracon Chess Open 2018"]
[Site "Elsinore"]
[Date "2018.07.27"]
[Round "8"]
[White "Nilsson, Patrik 1978"]
[Black "Hilby, Craig"]
[Result "0-1"]
[WhiteElo "2229"]
[BlackElo "2426"]
[EventDate "2018.07.21"]
[WhiteFideId "1708171"]
[BlackFideId "2062674"]

1.e4 e5 2.Nf3 Nc6 3.c3 Nf6 4.d4 Nxe4 5.d5 Bc5 6.Be3 Bxe3 7.fxe3 Ne7 8.Qc2 
Nf6 9.e4 d6 10.Bb5+ c6 11.dxc6 bxc6 12.Bd3 O-O 13.Nbd2 Ng6 14.O-O Ng4 15.
Qb3 Be6 16.Bc4 d5 17.exd5 cxd5 18.Be2 Rb8 19.Qa3 Qb6+ 20.Kh1 Nf2+ 21.Kg1 
Ne4+ 22.Kh1 Nxd2 23.Nxd2 Qc6 0-1

[Event "Xtracon Chess Open 2018"]
[Site "Elsinore"]
[Date "2018.07.27"]
[Round "8"]
[White "Carlstedt, Jonathan"]
[Black "Lund, Gunnar"]
[Result "1-0"]
[WhiteElo "2425"]
[BlackElo "2216"]
[EventDate "2018.07.21"]
[WhiteFideId "24614386"]
[BlackFideId "1520814"]

1.c4 Nf6 2.g3 e6 3.Bg2 d5 4.Nf3 Be7 5.O-O O-O 6.b3 c5 7.cxd5 exd5 8.d4 b6 
9.Bb2 Nc6 10.Nc3 Ba6 11.dxc5 bxc5 12.Nh4 Nd4 13.Re1 Ne4 14.e3 Nxc3 15.Bxc3
Bxh4 16.gxh4 Ne6 17.Qxd5 Qxh4 18.Qd6 Bb5 19.Bxa8 Rxa8 20.Rad1 Qg4+ 21.Qg3 
Qxg3+ 22.hxg3 Ng5 23.Rf1 Bxf1 24.Kxf1 Ne6 25.Rd7 Kf8 26.Be5 Ke8 27.Rb7 Nd8
28.Rb5 f6 29.Bd6 Kd7 30.Bxc5 Kc6 31.Ra5 Nb7 32.Rxa7 Rxa7 33.Bxa7 Kb5 34.
Bd4 Kb4 35.Bb2 Nc5 36.Ke2 Ne4 37.g4 1-0

[Event "Xtracon Chess Open 2018"]
[Site "Elsinore"]
[Date "2018.07.27"]
[Round "8"]
[White "Akesson, Ralf"]
[Black "Tiarks, Jann-Christian"]
[Result "1/2-1/2"]
[WhiteElo "2397"]
[BlackElo "2179"]
[EventDate "2018.07.21"]
[WhiteFideId "1700120"]
[BlackFideId "12951595"]

1.Nf3 d5 2.d4 e6 3.c4 c6 4.Nbd2 f5 5.e3 Nf6 6.Be2 Bd6 7.O-O Nbd7 8.b3 O-O 
9.Bb2 b6 10.Ne5 Bb7 11.Ndf3 Rc8 12.Rc1 Qe7 13.Rc2 Rfd8 14.Qa1 Ne4 15.Nd3 
Ng5 16.Nxg5 Qxg5 17.a4 dxc4 18.bxc4 c5 19.d5 exd5 20.Bf3 Ba8 21.cxd5 Nf6 
22.Nf4 Re8 23.g3 Bxf4 24.exf4 Qg6 25.Rd1 Rcd8 26.a5 Ne4 27.axb6 axb6 28.
Qa7 Rxd5 29.Ra1 Qf7 30.Qxa8 Rd3 31.Be2 Rdd8 32.Qxd8 Rxd8 33.Bc4 Qxc4 34.
Rxc4 Rd2 35.Be5 Nxf2 36.Ra7 Ng4 37.Rca4 Rd1+ 38.Kg2 Rd2+ 39.Kg1 Rd1+ 
1/2-1/2

[Event "Xtracon Chess Open 2018"]
[Site "Elsinore"]
[Date "2018.07.27"]
[Round "8"]
[White "Ongut, Tamas Gunes"]
[Black "Sawatzki, Frank"]
[Result "1/2-1/2"]
[WhiteElo "2220"]
[BlackElo "2380"]
[EventDate "2018.07.21"]
[WhiteFideId "770280"]
[BlackFideId "4613600"]

1.e4 d6 2.d4 Nf6 3.Nc3 e5 4.Nge2 Nbd7 5.h3 c6 6.g4 b5 7.Ng3 b4 8.Nce2 d5 
9.Bg2 Nxe4 10.Nxe4 dxe4 11.dxe5 Nxe5 12.Qxd8+ Kxd8 13.Bxe4 Kc7 14.Bf4 Bd6 
15.O-O-O f6 16.Kb1 Rb8 17.Nd4 c5 18.Nc6 Rb6 19.Rxd6 Kxd6 20.Rd1+ Ke6 21.
Bd5+ Kd6 22.Bg2+ Ke6 23.Bd5+ Kd6 24.Be4+ Ke6 25.Bd5+ Kd6 1/2-1/2

[Event "Xtracon Chess Open 2018"]
[Site "Elsinore"]
[Date "2018.07.27"]
[Round "8"]
[White "Aabling-Thomsen, Jakob"]
[Black "Jaksland, Tim"]
[Result "1-0"]
[WhiteElo "2379"]
[BlackElo "2185"]
[EventDate "2018.07.21"]
[WhiteFideId "1407589"]
[BlackFideId "1401084"]

1.e4 c5 2.Nf3 e6 3.g3 Nc6 4.Bg2 Nf6 5.Qe2 e5 6.c3 Be7 7.O-O O-O 8.Rd1 Re8 
9.Na3 Bf8 10.d3 h6 11.Nc2 d5 12.a3 d4 13.cxd4 cxd4 14.b4 b5 15.Bd2 Be6 16.
Rdc1 Nd7 17.a4 bxa4 18.Rxa4 Rb8 19.Qe1 Bb3 20.Ra6 Bxc2 21.Rxc2 Nxb4 22.
Bxb4 Bxb4 23.Qc1 Rb7 24.Bh3 Bc3 25.Qa3 Qe7 26.Rxa7 Qxa3 27.Rxa3 Nc5 28.Bf1
f6 29.Nh4 Reb8 30.Nf5 Rb3 31.Ra7 R3b7 32.Rca2 Rxa7 33.Rxa7 Rb7 34.Ra8+ Kh7
35.h4 h5 36.Rc8 Bb4 37.Nd6 Rd7 38.Nc4 Rb7 39.Be2 g6 40.Kg2 Nd7 41.f4 Nb6 
42.Nxb6 Rxb6 43.f5 Bd6 44.Rd8 Bb4 45.Rd7+ Kh6 46.fxg6 Kxg6 47.g4 Bf8 48.
gxh5+ Kh6 49.Rf7 Bg7 50.Ra7 Rb2 51.Kf2 Rb1 52.Ra2 Rh1 53.Kg3 Rg1+ 54.Kh2 
Rb1 55.Bg4 Rb3 56.Rd2 Ra3 57.Kh3 Rc3 58.Bd1 Ra3 59.Kg4 Rc3 60.Kf5 Ra3 61.
Bc2 Ra2 62.Rg2 Rb2 63.Ke6 Ra2 64.Kd5 Rb2 65.Kc4 Ra2 66.Kb3 Ra1 67.Rg6+ Kh7
68.Kb2 Rh1 69.Rg4 Rf1 70.Bb3 Rf4 71.Rg3 Rxh4 72.Bf7 Rh1 73.Bg6+ Kh8 74.Rg2
Rh3 75.Rc2 Bh6 76.Rc8+ Kg7 77.Rc7+ Kg8 78.Kc2 Bg5 79.Bf7+ Kf8 80.Ra7 Rh1 
81.Kb3 Rc1 82.Bc4 Rb1+ 83.Kc2 Rc1+ 84.Kb2 Rh1 85.Rf7+ Ke8 86.Rh7 Kf8 87.
Kb3 Rb1+ 88.Ka4 Rh1 89.Kb5 Rh2 90.Kc6 Rh1 91.Kd6 Rh2 92.Rf7+ Ke8 93.Rg7 
Bh6 94.Rg8+ Bf8+ 95.Ke6 Rb2 96.Kxf6 Rb6+ 97.Be6 Rb7 98.Rh8 Ra7 99.h6 Rc7 
100.h7 1-0

[Event "Xtracon Chess Open 2018"]
[Site "Elsinore"]
[Date "2018.07.27"]
[Round "8"]
[White "Sorensen, Hampus"]
[Black "Haubro, Martin"]
[Result "1/2-1/2"]
[WhiteElo "2204"]
[BlackElo "2373"]
[EventDate "2018.07.21"]
[WhiteFideId "8703884"]
[BlackFideId "1414291"]

1.d4 Nf6 2.c4 c5 3.d5 e6 4.Nc3 exd5 5.cxd5 d6 6.e4 g6 7.Bd3 Bg7 8.h3 O-O 
9.Nf3 a6 10.a4 Nbd7 11.O-O Rb8 12.Re1 Ne8 13.a5 b5 14.axb6 Rxb6 15.Nd2 Qh4
16.Nc4 Rb4 17.Ne3 Nc7 18.Qg4 Qe7 19.Qd1 Rb8 20.Nc4 Ne5 21.Nxe5 Bxe5 22.f4 
Bd4+ 23.Be3 Qf6 24.Bxd4 Qxd4+ 25.Kh1 Rxb2 26.Ne2 Qe3 27.Qc1 Qxc1 28.Raxc1 
Bd7 29.Nc3 f6 30.e5 fxe5 31.fxe5 dxe5 32.Rxe5 Rd2 33.Bc4 Bb5 34.Nxb5 Nxb5 
35.Bxb5 1/2-1/2

[Event "Xtracon Chess Open 2018"]
[Site "Elsinore"]
[Date "2018.07.27"]
[Round "8"]
[White "Skousen, Nikolai"]
[Black "Chittka, Julius"]
[Result "1/2-1/2"]
[WhiteElo "2203"]
[BlackElo "2333"]
[EventDate "2018.07.21"]
[WhiteFideId "1401432"]
[BlackFideId "12954772"]

1.Nf3 c5 2.g3 g6 3.Bg2 Bg7 4.c3 Nf6 5.d4 cxd4 6.cxd4 d5 7.O-O O-O 8.Nc3 
Ne4 9.Nxe4 dxe4 10.Ne5 Qd5 11.Be3 Nd7 12.Nxd7 Bxd7 13.f3 exf3 14.Bxf3 Qd6 
15.Qd2 Bc6 16.d5 Bd7 17.Rfd1 Rfc8 18.Rac1 Bf5 19.Rxc8+ Rxc8 20.Rc1 Rxc1+ 
21.Qxc1 a6 22.a3 h5 23.b4 Bf6 24.Bf4 Qb6+ 25.Kg2 Qd4 26.Be3 Qb2 27.Qxb2 
Bxb2 28.a4 Bc8 29.Bc5 Kf8 30.Kf2 Ke8 1/2-1/2

[Event "Xtracon Chess Open 2018"]
[Site "Elsinore"]
[Date "2018.07.27"]
[Round "8"]
[White "Grove, Peter"]
[Black "Nielsen, Viktor Haarmark"]
[Result "1/2-1/2"]
[WhiteElo "2202"]
[BlackElo "2332"]
[EventDate "2018.07.21"]
[WhiteFideId "1411101"]
[BlackFideId "1444492"]

1.c4 c5 2.Nc3 Nc6 3.Nf3 g6 4.e3 Nf6 5.d4 cxd4 6.exd4 d5 7.c5 Bg7 8.Bb5 O-O
9.h3 Ne4 10.O-O f5 11.Bf4 h6 12.Bxc6 bxc6 13.Be5 Bf6 14.Bh2 g5 15.Ne5 Qe8 
16.Ne2 f4 17.Nd3 Bg7 18.f3 Nf6 19.Kh1 Nd7 20.Re1 Qg6 21.Ndxf4 gxf4 22.Nxf4
Rxf4 23.Bxf4 Qf6 24.Be5 Nxe5 25.dxe5 Qf4 26.Qc1 Qg3 27.Qe3 Rb8 28.f4 Qxe3 
29.Rxe3 Rxb2 30.Rb3 Rxb3 31.axb3 a6 32.g3 Kf7 1/2-1/2

[Event "Xtracon Chess Open 2018"]
[Site "Elsinore"]
[Date "2018.07.27"]
[Round "8"]
[White "Dauth, Benjamin"]
[Black "Liu, Manli"]
[Result "0-1"]
[WhiteElo "2325"]
[BlackElo "2167"]
[EventDate "2018.07.21"]
[WhiteFideId "4688104"]
[BlackFideId "8608121"]

1.e4 c5 2.c3 d5 3.exd5 Qxd5 4.d4 Nf6 5.Nf3 Bg4 6.Qa4+ Bd7 7.Qb3 e6 8.c4 
Qc6 9.Nc3 cxd4 10.Nxd4 Qc8 11.Bf4 Nh5 12.Be3 Nc6 13.Nxc6 Bxc6 14.Nb5 Qb8 
15.Nd4 Nf6 16.Be2 Bd7 17.Bf3 e5 18.Nb5 e4 19.Be2 Be7 20.g3 O-O 21.Bf4 Qd8 
22.O-O a6 23.Nc7 Rc8 24.Nd5 Nxd5 25.cxd5 b5 26.Rfe1 Bc5 27.Bf1 Re8 28.Bg2 
f5 29.h4 h6 30.Be3 Bd6 31.Bd4 Rc4 32.Rad1 Qa5 33.Bc3 Qb6 34.Kf1 e3 35.Rd3 
f4 36.Qd1 Rf8 37.gxf4 exf2 38.Re6 Rxc3 39.Rxc3 b4 40.Rc6 Bxc6 41.dxc6 Bxf4
42.Qd5 Kh8 43.Qc4 Qd8 44.Bf3 Qxh4 45.c7 Qh2 46.Rg6 Bg3 47.Rxg3 Qxg3 48.Bg2
Qe3 49.Qxb4 Qd3# 0-1

[Event "Xtracon Chess Open 2018"]
[Site "Elsinore"]
[Date "2018.07.27"]
[Round "8"]
[White "Hinrichs, Lars"]
[Black "Berg, Klaus"]
[Result "1-0"]
[WhiteElo "2185"]
[BlackElo "2322"]
[EventDate "2018.07.21"]
[WhiteFideId "12921769"]
[BlackFideId "1400053"]

1.e4 c6 2.d4 d5 3.e5 Bf5 4.h4 h5 5.Bd3 Bxd3 6.Qxd3 e6 7.Bg5 Qb6 8.Nd2 Qa6 
9.c4 Bb4 10.b3 Ne7 11.Ne2 Nd7 12.O-O f6 13.exf6 gxf6 14.a3 Bd6 15.Bf4 e5 
16.dxe5 Bxe5 17.Rae1 O-O-O 18.Bxe5 fxe5 19.Nf4 Qxa3 20.Ne6 Rde8 21.Ra1 Qd6
22.Ng5 Qg6 23.Qxg6 Nxg6 24.Nf7 Nxh4 25.Nxh8 Rxh8 26.Rxa7 Kc7 27.cxd5 cxd5 
28.Rc1+ Kb8 29.Ra5 Nf6 30.Rca1 Rh6 31.Ra8+ Kc7 32.Rc1+ Kb6 33.Ra4 Nf5 34.
Rb4+ Ka7 35.Rc7 Nd6 36.Nf3 Ng4 37.Re7 Rf6 38.Nxe5 Nxf2 39.Ra4+ 1-0

[Event "Xtracon Chess Open 2018"]
[Site "Elsinore"]
[Date "2018.07.27"]
[Round "8"]
[White "Hobber, Anders"]
[Black "Nilssen, Ellen Fredericia"]
[Result "1-0"]
[WhiteElo "2312"]
[BlackElo "2152"]
[EventDate "2018.07.21"]
[WhiteFideId "1505424"]
[BlackFideId "1441230"]

1.d4 Nf6 2.Bf4 g6 3.Nc3 d5 4.e3 Bg7 5.h4 c6 6.Nf3 Bg4 7.Qd2 Bxf3 8.gxf3 
Nbd7 9.e4 dxe4 10.fxe4 e5 11.dxe5 Nh5 12.Bg5 Qc7 13.O-O-O Bxe5 14.Kb1 Ndf6
15.Be2 Bf4 16.Qd4 Be5 17.Qc5 Qe7 18.Qxe7+ Kxe7 19.Bxh5 gxh5 20.f4 Bxc3 21.
e5 Bb4 22.Bxf6+ Ke6 23.a3 Be7 24.f5+ Kxf5 25.Bxe7 Kxe5 26.Rhe1+ Kf5 27.
Rf1+ Kg6 28.Rf6+ Kg7 29.Rg1# 1-0

[Event "Xtracon Chess Open 2018"]
[Site "Elsinore"]
[Date "2018.07.27"]
[Round "8"]
[White "Tryggestad, Andreas Garberg"]
[Black "Vesterli, Michael E."]
[Result "1/2-1/2"]
[WhiteElo "2302"]
[BlackElo "2159"]
[EventDate "2018.07.21"]
[WhiteFideId "1513338"]
[BlackFideId "1417339"]

1.e4 c5 2.Nf3 e6 3.g3 Nc6 4.Bg2 g6 5.d4 cxd4 6.Nxd4 a6 7.Nxc6 dxc6 8.Qxd8+
Kxd8 9.Nd2 Bd6 10.Nc4 Bc7 11.Be3 Ne7 12.O-O-O+ Ke8 13.Bg5 e5 14.Nd6+ Bxd6 
15.Rxd6 f5 16.Rhd1 Kf7 17.Rd8 Be6 18.R8d6 Rhe8 19.Bf1 fxe4 20.Re1 Nf5 21.
Rdd1 Nd4 22.Rxe4 Bf5 23.Re3 Nxc2 24.Rb3 b5 25.g4 Nd4 26.gxf5 Nxb3+ 27.axb3
gxf5 28.Rd7+ Kg6 29.h4 Re6 30.Be2 a5 31.Bd2 h5 32.Rd3 f4 33.Rd7 a4 34.bxa4
Rxa4 35.f3 Rd4 36.Rxd4 exd4 37.Bd3+ Kf7 38.Bxf4 Rf6 39.Be5 Rxf3 40.Be2 Rf5
41.Bxd4 Rf4 42.Bxh5+ Ke6 43.Be3 Rxh4 44.Be2 Rh2 45.Bf3 Rh4 46.Kd2 Kd6 47.
Bf2 Ra4 48.Kd3 c5 49.Kc3 Kd7 50.Be2 Kc6 51.Bg3 Kb6 52.Bd3 1/2-1/2

[Event "Xtracon Chess Open 2018"]
[Site "Elsinore"]
[Date "2018.07.27"]
[Round "8"]
[White "Kunz, Andre"]
[Black "Thogersen, Rasmus"]
[Result "1-0"]
[WhiteElo "2158"]
[BlackElo "2297"]
[EventDate "2018.07.21"]
[WhiteFideId "24623652"]
[BlackFideId "1431412"]

1.e4 c5 2.c3 Nf6 3.e5 Nd5 4.d4 cxd4 5.Nf3 e6 6.cxd4 d6 7.Bc4 Nc6 8.Qe2 Be7
9.O-O O-O 10.Nc3 Nxc3 11.bxc3 dxe5 12.dxe5 Qc7 13.Qe4 b6 14.Bg5 Bb7 15.Bd3
g6 16.Bf6 Rfd8 17.Qe3 Rd7 18.Be4 Qd8 19.Qf4 Na5 20.Ng5 Bxf6 21.exf6 h6 22.
Nxe6 fxe6 23.Bxg6 Qf8 24.Rae1 Rg7 25.f7+ Rxf7 26.Bxf7+ Qxf7 27.Qxh6 Rc8 
28.Rxe6 Rc6 29.Rfe1 1-0

[Event "Xtracon Chess Open 2018"]
[Site "Elsinore"]
[Date "2018.07.27"]
[Round "8"]
[White "Goff, Ronan Le"]
[Black "Gonzalez, Francisco Silva"]
[Result "1-0"]
[WhiteElo "2295"]
[BlackElo "2045"]
[EventDate "2018.07.21"]
[WhiteFideId "612073"]
[BlackFideId "1512285"]

1.Nf3 d5 2.c4 c6 3.d4 Nf6 4.Qc2 e6 5.Nbd2 Nbd7 6.g3 Be7 7.Bg2 O-O 8.O-O 
Re8 9.Rd1 a5 10.e4 dxe4 11.Nxe4 Nxe4 12.Qxe4 a4 13.Bf4 Qb6 14.c5 Qd8 15.
Qc2 Nf6 16.Ne5 Nd5 17.Be4 f5 18.Bg2 a3 19.Nc4 axb2 20.Qxb2 Nxf4 21.gxf4 
Qc7 22.Qd2 Rf8 23.Qe3 Bf6 24.Rd2 Ra4 25.Bf1 Rd8 26.Rad1 Kh8 27.Nb6 Ra5 28.
Bc4 Re8 29.Bb3 g5 30.Qc3 gxf4 31.Nxc8 Rxc8 32.Bxe6 Rca8 33.Qh3 Qg7+ 34.Kh1
Qg4 35.Rd3 Ra3 36.Bb3 Rd8 37.Rg1 Qxh3 38.Rxh3 Bg7 39.Rh5 Rf8 40.Rhg5 Rxb3 
41.axb3 Bxd4 42.Kg2 Bxc5 43.Kf3 Bd4 44.Rd1 c5 45.Kxf4 Bxf2 46.Rd7 b5 47.
Rxf5 Rxf5+ 48.Kxf5 Kg8 49.Rb7 b4 50.Ke6 Bd4 51.Kd5 h5 52.Rxb4 cxb4 53.Kxd4
Kf7 54.Kc4 Ke6 55.Kxb4 Kf5 56.Ka5 Kg4 57.b4 Kh3 58.b5 Kxh2 59.b6 Kg2 60.b7
h4 61.b8=Q h3 62.Qb2+ Kg1 63.Qc1+ Kg2 64.Qd2+ Kg1 65.Qe1+ Kg2 66.Qe2+ Kh1 
67.Qf2 1-0

[Event "Xtracon Chess Open 2018"]
[Site "Elsinore"]
[Date "2018.07.27"]
[Round "8"]
[White "Mikalsen, Erlend"]
[Black "Thuesen, Mogens"]
[Result "1/2-1/2"]
[WhiteElo "2292"]
[BlackElo "2139"]
[EventDate "2018.07.21"]
[WhiteFideId "1507338"]
[BlackFideId "1400878"]

1.e4 c5 2.Nf3 Nc6 3.d4 cxd4 4.Nxd4 Nf6 5.Nc3 e5 6.Ndb5 d6 7.Bg5 a6 8.Na3 
b5 9.Nd5 Qa5+ 10.Bd2 Qd8 11.Be3 Nxd5 12.exd5 Ne7 13.c4 Nf5 14.Bd3 e4 15.
Be2 Nxe3 16.fxe3 Qg5 17.O-O Be7 18.Qd4 f5 19.cxb5 O-O 20.b6 Bd7 21.Rac1 
Bf6 22.Qd2 Rab8 23.Rc7 Bb5 24.Bxb5 axb5 25.Nxb5 Rxb6 26.a4 Be5 27.Rc2 Rf6 
28.Nd4 Rb8 29.Nc6 Rbf8 30.Nxe5 dxe5 31.d6 f4 32.d7 fxe3 33.Qd5+ Kh8 34.Rd1
Qf5 35.h3 Rd8 36.Qb7 h6 37.Rc8 e2 38.Rxd8+ Kh7 39.Rh8+ Kg6 40.Qb3 Qf2+ 41.
Kh1 e3 42.d8=Q Qf1+ 43.Kh2 Qf4+ 44.Kh1 Qf1+ 1/2-1/2

[Event "Xtracon Chess Open 2018"]
[Site "Elsinore"]
[Date "2018.07.27"]
[Round "8"]
[White "Jorgensen, Brian"]
[Black "Christiansen, Arne"]
[Result "1/2-1/2"]
[WhiteElo "2281"]
[BlackElo "2032"]
[EventDate "2018.07.21"]
[WhiteFideId "1401599"]
[BlackFideId "1402013"]

1.d4 Nf6 2.c4 e6 3.Nc3 d5 4.cxd5 exd5 5.Bg5 c6 6.Qc2 Nbd7 7.e3 Be7 8.Bd3 
O-O 9.Nf3 Re8 10.h3 Nf8 11.O-O Ng6 12.Rab1 Ne4 13.Bxe7 Qxe7 14.Bxe4 dxe4 
15.Nd2 f5 16.Rbe1 Qg5 17.f3 Nh4 18.Rf2 exf3 19.Nxf3 Nxf3+ 20.Rxf3 Be6 
1/2-1/2

[Event "Xtracon Chess Open 2018"]
[Site "Elsinore"]
[Date "2018.07.27"]
[Round "8"]
[White "Khlopushin, Dmitriy"]
[Black "Song, Edward"]
[Result "0-1"]
[WhiteElo "2000"]
[BlackElo "2275"]
[EventDate "2018.07.21"]
[WhiteFideId "44147864"]
[BlackFideId "2051192"]

1.e4 c5 2.c3 d5 3.exd5 Qxd5 4.d4 g6 5.Nf3 Bg7 6.dxc5 Qxc5 7.Be3 Qc7 8.Na3 
a6 9.Nc4 Nd7 10.a4 Nh6 11.Bd3 Nc5 12.Bc2 Nf5 13.O-O Be6 14.Qe2 O-O 15.a5 
Nxe3 16.fxe3 Nd7 17.Ncd2 Ne5 18.Ra4 Rad8 19.Nxe5 Qxe5 20.Rb4 Qxa5 21.Nf3 
Qc5 22.Nd4 Bd5 23.Kh1 b5 24.Rf4 e5 25.Rh4 exd4 26.Qg4 dxe3 0-1

[Event "Xtracon Chess Open 2018"]
[Site "Elsinore"]
[Date "2018.07.27"]
[Round "8"]
[White "Matthiesen, Martin"]
[Black "Pettersen, Johan"]
[Result "1-0"]
[WhiteElo "2273"]
[BlackElo "1858"]
[EventDate "2018.07.21"]
[WhiteFideId "1404067"]
[BlackFideId "1522183"]

1.Nf3 Nf6 2.d4 g6 3.c4 Bg7 4.Nc3 O-O 5.e4 d6 6.Be2 e5 7.Be3 Nc6 8.d5 Ne7 
9.Nd2 Ne8 10.b4 f5 11.f3 Nf6 12.Rc1 f4 13.Bf2 g5 14.c5 Ng6 15.cxd6 cxd6 
16.Nb5 Ne8 17.Nxa7 Bd7 18.Nc4 g4 19.Nb6 g3 20.Bg1 Bh3 21.Nxa8 Bxg2 22.hxg3
Bxh1 23.g4 h5 24.Bb6 Qh4+ 25.Bf2 Qh3 26.gxh5 Qxh5 27.Kd2 Bg2 28.Rc3 Nf6 
29.Qg1 Qh3 30.Nc7 Nh5 31.Ne6 Bh6 32.Bf1 Bxf1 33.Qxg6+ Bg7 34.Ng5 1-0

[Event "Xtracon Chess Open 2018"]
[Site "Elsinore"]
[Date "2018.07.27"]
[Round "8"]
[White "Percivaldi, Martin"]
[Black "Kizatbay, Abyl"]
[Result "0-1"]
[WhiteElo "2393"]
[BlackElo "2088"]
[EventDate "2018.07.21"]
[WhiteFideId "1508148"]
[BlackFideId "1521853"]

1.c4 Nf6 2.Nc3 d5 3.cxd5 Nxd5 4.g3 g6 5.Bg2 Nxc3 6.bxc3 c5 7.Rb1 Qc7 8.h4 
h6 9.Qa4+ Nd7 10.Ba3 Bg7 11.Nf3 O-O 12.O-O b6 13.d4 Bb7 14.Rfd1 Rfd8 15.
Qc4 Rac8 16.e3 Be4 17.Rbc1 Qb7 18.Qe2 cxd4 19.cxd4 e5 20.Rxc8 Rxc8 21.Ne1 
Bxg2 22.Nxg2 exd4 23.exd4 Nf6 24.Ne3 Rd8 25.d5 Ne4 26.Bb2 Bxb2 27.Qxb2 Qe7
28.Qd4 h5 29.Ng2 Nd6 30.Re1 Nf5 31.Qd3 Qb4 32.Rd1 Nd6 33.Nf4 Qe4 34.Qc3 
Re8 35.Qf6 Qe5 36.Qxe5 Rxe5 37.Rc1 Kf8 38.Rc6 Nf5 39.Kf1 Ke8 40.Rc8+ Kd7 
41.Ra8 a5 42.Ra7+ Ke8 43.Rb7 Ne7 44.Rxb6 Nxd5 45.Rb5 Ne3+ 46.Ke2 Rxb5 47.
Kxe3 Rb2 0-1

[Event "Xtracon Chess Open 2018"]
[Site "Elsinore"]
[Date "2018.07.27"]
[Round "8"]
[White "Pantzar, Milton"]
[Black "Bebchuk, Leonid"]
[Result "1-0"]
[WhiteElo "2333"]
[BlackElo "2072"]
[EventDate "2018.07.21"]
[WhiteFideId "1721003"]
[BlackFideId "2803305"]

1.e4 c5 2.Nf3 Nc6 3.d4 cxd4 4.Nxd4 e5 5.Nb5 a6 6.Nd6+ Bxd6 7.Qxd6 Qe7 8.
Qd1 Nf6 9.Nc3 d6 10.Bg5 Be6 11.Nd5 Bxd5 12.exd5 Nb8 13.c4 Nbd7 14.Be2 h6 
15.Be3 O-O 16.O-O a5 17.f3 Rfc8 18.b3 Qd8 19.Qd2 Nc5 20.Rab1 b6 21.a3 Ra7 
22.b4 axb4 23.axb4 Ncd7 24.Rfc1 Rca8 25.Rb2 Ra1 26.Rc2 Rxc1+ 27.Rxc1 Qb8 
28.Bf1 Qa7 29.Qf2 Qa3 30.Rb1 b5 31.Qd2 bxc4 32.Bxc4 Rc8 33.Bb5 Rc3 34.Bf2 
Rb3 35.Rxb3 Qxb3 36.Bc6 Kf8 37.h3 Ke7 38.b5 Nc5 39.Bxc5 dxc5 40.d6+ Ke6 
41.d7 Nxd7 42.Qxd7+ Kf6 43.Qd6+ Kf5 44.Qxc5 1-0